The World factbook 1992.
| Format: | Book |
|---|---|
| Published: |
Washington, D.C.:
CIA,
1992.
|
| Subjects: |
| LEADER | 00404cam a2200157 7i4500 | ||
|---|---|---|---|
| 001 | 0000001034 | ||
| 005 | 19991025090000.0 | ||
| 002 | ##000001541 | ||
| 020 | 0 | 0 | |a T000001542 |
| 090 | 0 | 0 | |a I 030 |b WOR |
| 245 | 0 | 4 | |a The World factbook 1992. |
| 260 | 0 | 0 | |a Washington, D.C.: |b CIA, |c 1992. |
| 300 | 0 | 0 | |a 439p. |
| 650 | 0 | 0 | |a World countries |
| 651 | 0 | 0 | |a Washington |
| 999 | |a 0000002793 |b Book |c Reference |e Business Information Centre | ||